Gandhi / (Record no. 12519)
[ view plain ]
| 000 -LEADER | |
|---|---|
| fixed length control field | 01183nam a22002177a 4500 |
| 008 - FIXED-LENGTH DATA ELEMENTS--GENERAL INFORMATION | |
| fixed length control field | 090803t xxu||||| |||| 00| 0 eng d |
| 020 ## - INTERNATIONAL STANDARD BOOK NUMBER | |
| International Standard Book Number | 9781405876933 |
| 020 ## - INTERNATIONAL STANDARD BOOK NUMBER | |
| International Standard Book Number | 9781405878395 (CD- Rom) |
| 082 ## - DEWEY DECIMAL CLASSIFICATION NUMBER | |
| Edition number | 22 |
| Classification number | 428.64 |
| Item number | ROL |
| 100 1# - MAIN ENTRY--PERSONAL NAME | |
| Personal name | Rollason, Jane |
| 9 (RLIN) | 8326 |
| 245 ## - TITLE STATEMENT | |
| Title | Gandhi / |
| Statement of responsibility, etc | Jane Rollason. |
| 260 ## - PUBLICATION, DISTRIBUTION, ETC. (IMPRINT) | |
| Place of publication, distribution, etc | England : |
| Name of publisher, distributor, etc | Pearson Education Limited, |
| Date of publication, distribution, etc | c2004. |
| 300 ## - PHYSICAL DESCRIPTION | |
| Extent | iv, 27 p.: |
| Other physical details | ill.; |
| Dimensions | 20 cm. + |
| Accompanying material | 1 CD-ROM (4 3/4 in.) |
| 490 #0 - Series Statement | |
| Series statement | Penguin Readers ; |
| Volume/sequential designation | 2 |
| 500 ## - GENERAL NOTE | |
| General note | Level 2, 600 headwords, Elementary"-- Cover |
| 650 #0 - SUBJECT ADDED ENTRY--TOPICAL TERM | |
| Topical term or geographic name as entry element | English fiction |
| 9 (RLIN) | 8322 |
| 942 ## - ADDED ENTRY ELEMENTS (KOHA) | |
| Source of classification or shelving scheme | Dewey Decimal Classification |
| Item type | Book - Borrowing |
| Withdrawn status | Item status | Source of classification or shelving scheme | Damaged status | Not for loan | Vendor | Home library | Current library | Shelving location | Date acquired | Source of acquisition | Serial Enumeration / chronology | Total Checkouts | Total Renewals | Full call number | Barcode | Date last seen | Date last borrowed | Koha item type | Cost, normal purchase price | Materials specified (bound volume or other part) |
|---|---|---|---|---|---|---|---|---|---|---|---|---|---|---|---|---|---|---|---|---|
| Dewey Decimal Classification | Baccah | Central Library | Central Library | Second Floor | 04/08/2009 | 8372 | 21 | 20 | 428.64 ROL | 000017769 | 15/07/2025 | 19/07/2016 | Book - Borrowing | |||||||
| Dewey Decimal Classification | Baccah | Central Library | Central Library | Second Floor | 04/08/2009 | 8372 | 3 | 428.64 ROL | 000017770 | 24/08/2022 | 25/02/2014 | CD | DVD - With book | 60.00 | |||||||
| Lost | Dewey Decimal Classification | Baccah | Central Library | Central Library | Second Floor | 04/08/2009 | 8372 | 4 | 1 | 428.64 ROL | 000017771 | 01/07/2011 | 25/10/2010 | Book - Borrowing | 49.00 | Lost In Inventory_2015-8-23 |